[Event "EU-Cup 19th"]
[Site "Rethymno"]
[Date "2003.10.04"]
[Round "7.2"]
[White "Shirov, Alexei"]
[Black "Kacheishvili, Giorgi"]
[Result "1-0"]
[WhiteElo "2732"]
[BlackElo "2603"]
[Annotator "Lukacs,P"]
[PlyCount "71"]
[EventDate "2003.09.28"]
[EventType "team-swiss"]
[EventRounds "7"]
[EventCountry "GRE"]
[SourceTitle "CBM 098"]
[Source "ChessBase"]
[SourceDate "2004.02.03"]
[SourceVersion "1"]
[SourceVersionDate "2004.02.03"]
[SourceQuality "1"]
[WhiteTeam "Sarajevo Bosna"]
[BlackTeam "Tbilisi"]
[WhiteTeamCountry "BIH"]
[BlackTeamCountry "GEO"]

1. e4 c6 2. d4 d5 3. Nc3 dxe4 4. Nxe4 Bf5 5. Ng3 Bg6 6. h4 h6 7. Nf3 Nd7 8. h5
Bh7 9. Bd3 Bxd3 10. Qxd3 e6 11. Bf4 Ngf6 12. O-O-O Be7 13. Ne4 Qa5 (13... Nxe4
14. Qxe4 Nf6 15. Qd3 Qa5 $5 16. Kb1 O-O {- 13...Qa5 14.Kb1 0-0 15.Nxf6 Nxf6})
14. Kb1 O-O 15. Nxf6+ Nxf6 16. Ne5 Rad8 17. Qg3 (17. Qb3 Qb6 18. Qxb6 axb6 {
This _|_ is again slightly better for White, but against a good technique this
cannot be converted into a win.} 19. c4 b5 $5 {clearing the way for >< d5.} 20.
cxb5 cxb5 21. g4 Nd5 22. Bc1 Rd6 (22... Rc8 23. f4) 23. f4 Ra8 24. g5 {White
still has some activity on the >> even without queens.} Rda6 $1 (24... f6 {
is a bit passive.} 25. Ng6 Rda6 26. gxh6 gxh6 27. f5 exf5 28. Bxh6 Rxa2 29.
Nxe7+ Nxe7 30. Kc2 $14 {Ledger-Gyimesi, Catalan Bay 2003}) 25. gxh6 (25. a3 b4
26. gxh6 gxh6) 25... Rxa2 26. Rdg1 Nb4 27. Rxg7+ Kf8 28. Rxf7+ Ke8 29. Rxe7+
Kxe7 30. b3 Ra1+ 31. Kb2 Nd5 $11) (17. Qe2 Qb6 {- Thipsay-Prakash, IND-ch
Mumbai 2003 CBM 94} (17... Nd5 18. Bc1 c5 19. c4 Nf6 20. dxc5 {1/2-1/2 Guerra
Bastida-Magem Badals, Mondariz 2002})) 17... Kh8 18. c4 (18. Rd3 {The R is
usually well-placed on the third rank.} Nd5 (18... c5 $5 19. dxc5 (19. Qf3 Rxd4
(19... cxd4 20. Qxb7 Qc5 $132) 20. Rxd4 cxd4 21. Qxb7 Nd5 22. Bg3 Qa4 23. Qb3
Qa6 {Black wants to keep his Q because of his attacking chances on the <<.} 24.
Qd3 Qa4 $13 {Adams-Bareev, Canditas Tournament Gp 2002}) 19... Qxc5 (19... Bxc5
{is strongly met by} 20. Bxh6 $5 gxh6 21. Qf4 Ng8 22. Rxd8 Qxd8 23. Nxf7+ Rxf7
24. Qxf7 $14) 20. Rxd8 Bxd8 21. Be3 Qa5 $13) (18... Qb6 19. Be3 {provoking} Nd5
{because the N can easily be attacked by c4.} 20. Rb3 Qa6 21. Bc1 Bf6 22. f4
Ne7 {The N had no safe place on d5.} 23. Qf2 {/\ g4-g5} Nf5 24. c3 Bxe5 25.
fxe5 Qd3+ 26. Qc2 Qxc2+ 27. Kxc2 Rd7 28. g4 $14 {and the _|_ looks better for
White, Z.Almasi-Bareev, BIH-chT Jahorina 2003.}) 19. Bd2 Qb6 (19... Qa4 $5) 20.
c4 Nf6 21. Be3 Qa6 $1 (21... Qa5 $2 22. Rb3 $1 Qa6 23. Qf3 $1 $16 {/\ g4
Apicella-Bauer, Aix les Bains 2003 CBM 97}) 22. Qf3 Kg8 23. g4 Nd7 $1 {
exchanging the strong centralized N.}) (18. Qf3 Qd5 19. Qxd5 cxd5 {This change
of the P structure clearly helps for Black.} 20. f3 Nd7 21. g4 Nxe5 22. Bxe5
Rc8 23. Bf4 Rc6 24. Rhg1 Kh7 25. Rg2 g5 26. Bc1 Bd6 27. Re1 Bb8 28. Rge2 Kg7
$11 {Cao Sang-Ruck, Balatonlelle 2002}) (18. Qb3 Qb6 19. c3 Kg8 20. g4 c5 21.
Qxb6 axb6 22. dxc5 Bxc5 23. f3 Nd5 24. Bc1 b5 $11 {strengthening the position
of the excellent N on d5, Dominguez-Dreev, North Sea Cup 2003.}) 18... c5 (
18... Nd7 19. Rd3 {(Akopian-Bareev, Enghien les Bains 2003 CBM 96)} Bf6 20.
Rhd1 Nxe5 21. Bxe5 Bxe5 22. Qxe5 Qb4 {Black wants to avoid the exchange of Q.}
23. Qc5 Qa4 {The exchange of Q gave White free hand on the only opened d <->
again.} 24. b3 Qa6 25. g4 b5 $13 {Karjakin-Van Delft, Open Vienna 2003}) 19.
Qf3 {White wants to complicate matters, but this gives Black good chances for
a counterattack.} (19. Be3 cxd4 20. Bxd4 Kg8 21. Qe3 Rd6 22. Bc3 Qc7 23. g4
Rxd1+ 24. Rxd1 Rd8 25. Rxd8+ Qxd8 {This is a typical _|_ position of this
variation. With a very good _|_ technique Black can defend himself
successfully.} 26. Qd4 (26. Kc2 a6 27. f3 Qc7 28. Qd4 Bc5 29. Qd3 Bd6 $11 {
Wedberg-Dreev, SWE-chT 2002/03}) 26... a6 $11 {De Firmian-Dreev, SWE-chT 2002/
03}) 19... cxd4 20. Qxb7 Bd6 21. Rhe1 Rb8 (21... Nxh5 $6 {gives the |^ into
White's hands.} 22. Bd2 Qc7 23. Qxc7 Bxc7 24. Nc6 {White's chances on the <<
look better than Black's >> advance.} Rd7 25. Bb4 (25. Nxa7 $5) 25... Re8 26.
Bc5 (26. Rxd4 Rxd4 27. Nxd4 Nf4 $132 {Landa-Schneider Zinner, Vienna 2003})
26... d3 27. Nxa7 Nf4 28. g3 d2 (28... Ne2 29. Nb5) 29. Rh1 Nd3 30. Be3 $16 {
and the d2 P will soon fall.}) 22. Qf3 Nxh5 $2 {[%mdl 8192] This is the
consequence of a bad calculation.} (22... Kg8 {is rather slow as well.} 23. Re2
Rb6 24. Rxd4 Rfb8 25. g4 Qa4 26. Rd3 Rc8 27. b3 {White has consolidated the <<,
and soon he will continue his -> on the other flank.} Qb4 28. Bd2 Qa3 29. Bc1
Qb4 30. Bb2 a5 31. g5 hxg5 32. h6 $40 {Van Delft-Schuurman, Wijk aan Zee 2003})
(22... Rb6 $1 {/\ Rfb8 and Ra6 was required with immense complications, for
example:} 23. g4 Ra6 24. a3 {creating a serious weakness in White's camp.} Rb6
25. Ka2 Qa4 $132) 23. Bd2 $1 $18 {Now material losses are inevitable and
Black's -> is not decisive.} (23. Bxh6 $4 gxh6 24. Qxh5 Rxb2+ $19) 23... Qa3 (
23... Qb6 24. b3 Nf6 (24... Bxe5 25. Rxe5 Nf6 26. Bxh6 $18) 25. Bxh6 Kg8 26.
Bxg7 $1 $18) (23... Bb4 $2 24. Nc6 $18) 24. b3 (24. Nd3 {was also sufficient:}
Nf6 25. Bxh6 Kg8 26. Rh1 Rb6 27. Bc1 $18) 24... Rxb3+ (24... Nf6 25. Bxh6 $18 {
loses without a fight.}) 25. axb3 Rb8 26. b4 Rxb4+ 27. Bxb4 Qxb4+ 28. Kc2 Bxe5
29. Rxe5 Qxc4+ 30. Kd2 Nf6 31. Rc1 Qb4+ 32. Kd1 {and the checks are exhausting
quickly.} Qd6 33. Rb5 Qa6 34. Qd3 Qa4+ 35. Ke2 g6 36. Qc4 1-0

[Event "Candidates Tournament Gp2"]
[Site "Dortmund"]
[Date "2002.07.10"]
[Round "5"]
[White "Leko, Peter"]
[Black "Bareev, Evgeny"]
[Result "1-0"]
[WhiteElo "2717"]
[BlackElo "2726"]
[Annotator "Lukacs,P"]
[PlyCount "155"]
[EventDate "2002.07.06"]
[EventType "tourn"]
[EventRounds "6"]
[EventCountry "GER"]
[EventCategory "20"]
[SourceTitle "CBM 090"]
[Source "ChessBase"]
[SourceDate "2002.09.20"]
[SourceVersion "1"]
[SourceVersionDate "2002.09.20"]
[SourceQuality "1"]

1. e4 c6 2. d4 d5 3. Nc3 dxe4 4. Nxe4 Bf5 5. Ng3 Bg6 6. h4 h6 7. Nf3 Nd7 8. h5
Bh7 9. Bd3 Bxd3 10. Qxd3 e6 11. Bf4 Qa5+ 12. Bd2 Bb4 $5 (12... Qc7 {leads to
the old main line.}) 13. c3 {after provoking this move the B goes back to e7,
and White's natural plan 0-0-0 is not valid anymore.} (13. Ne4 Bxd2+ (13...
Ngf6 14. Nd6+ Ke7 15. Nc4 (15. Nxb7 Qb6 16. Qb3 Bxd2+ 17. Kxd2 {deserves
attention, the N is not dead yet on b7!}) 15... Bxd2+ 16. Nfxd2 Qc7 17. O-O-O
Rad8 18. Kb1 {1/2:1/2 Zarnicki-Hauchard, 2002}) 14. Nfxd2 Ngf6 15. Nd6+ Ke7 16.
Nxb7 Qb4 17. Qb3 (17. Qa3 Qxa3 18. bxa3 Rab8 19. Rb1 {and although White has
an extra P, it doesn't seem to be very useful for the moment.}) 17... Qxd4 18.
Nf3 Qe4+ 19. Kf1 c5 20. Na5 Rab8 21. Qc3 Nd5 22. Qc4 Qxc4+ 23. Nxc4 Rhd8 24. g3
N5b6 25. Na5 {1/2:1/2 N.Medvegy-Korpics, 2002}) 13... Be7 14. c4 (14. Ne4 Ngf6
15. Nxf6+ (15. c4 Qa6 16. Nxf6+ Nxf6 17. Qe2 O-O {White still has problems
with his K.} 18. Ne5 Rad8 19. Bc3 b5 20. b3 bxc4 21. Qxc4 Qxc4 22. bxc4 Rc8 23.
Rd1 Ne4 24. Ba5 Bd8 25. Bb4 Re8 $11 {Rosito-Slipak, 72nd ch-ARG Pinamar 2002})
15... gxf6 16. a4 O-O-O 17. b4 Qd5 18. c4 Ne5 $1 19. Nxe5 Qxe5+ 20. dxe5 Rxd3
21. exf6 Bxf6 {and the _|_ can only be better for Black.} 22. Ra2 Rd4 23. Rc2
Re4+ 24. Kf1 Bg5 25. f4 Be7 $11 {Sherzer-Rowley, Philadelphia 1994}) 14... Qa6
15. O-O {The K usually belongs to the <<, but now the black Q is rather bad on
a6.} Ngf6 {>< h5 is more vulnerable now.} 16. Rfe1 O-O 17. Nf5 $1 {This N was
the black sheep anyway!} (17. Bf4 Nd5) 17... Rfe8 (17... Bd8 $2 {allows the
devastating sacrifice} 18. Nxh6+ $1 gxh6 19. Bxh6 Re8 20. Ne5 {/\ Qg3} Nxe5 21.
dxe5 Ng4 22. Qg3 Kh7 23. Qxg4 Kxh6 24. Qf4+ Kg7 (24... Bg5 25. Qxf7 $18) 25.
h6+ $18) 18. Nxe7+ Rxe7 19. Bb4 {White's position looks a bit better, but
there are constant problems with >< h5.} Ree8 20. Ne5 Rad8 (20... Nxe5 21. Rxe5
Rad8 {+/=/=}) 21. Qe2 {Now White has consolidated his position defending >< h5
and improving the Q's position as well.} b5 $5 (21... Nxe5 22. dxe5 Nd7 23. Bd6
$14 {with a huge space advantage for White.}) 22. Rac1 bxc4 23. Qxc4 (23. Nxc4
$1 {looks more precise, for example:} Qb5 $1 (23... e5 24. Nxe5 Qxe2 25. Rxe2
$14) 24. Ba3 (24. a3 Nxh5) 24... Nxh5 (24... Qxh5 25. Qxh5 Nxh5 26. Nd6 Rf8 27.
Nb7 Rb8 28. Na5 $16 {>< c6}) 25. Nd6 Qxe2 26. Rxe2 $16) 23... Qxc4 24. Rxc4 Nb6
$1 (24... Nb8 {was too passive.} 25. Bc5) 25. Rxc6 Rxd4 26. Bc5 {Black has
chances to create a remote o^ on the <<, his P majority is his main hope.} Ra4
(26... Rd2 27. Bxb6 axb6 28. Rxb6 $16 {with two connected passed pawns on the
<<.}) 27. a3 Nc4 $5 (27... Nfd5 28. g3 $14) 28. Nxf7 $1 $14 (28. Nxc4 Rxc4 29.
b4 $14) 28... Nxb2 (28... Kxf7 $2 29. b3 $18 {and the R is suddenly trapped!})
29. Nd6 $6 (29. Ne5 {looks more to the point:} Nxh5 (29... Nc4 30. Rc7 a6 31.
f3 $14) 30. Rc7 (30. Bb4 Nf4) 30... Nf4 31. Rxa7 (31. Rb1 Nbd3 32. Nxd3 Nxd3
33. Bxa7 Rxa3 34. Rbb7 $14) 31... Rxa7 32. Bxa7 Ra8 33. Bd4 Nbd3 34. Nxd3 Nxd3
35. Rxe6 Kf7 (35... Rxa3 36. Rg6) 36. Rb6 Rxa3 37. Rb7+ $14) 29... Rb8 $2 {
giving back the favour.} (29... Rd8 $1 30. Rxe6 (30. Nb7 Rb8 $11) 30... Nd3 31.
Nb5 (31. Nf5 Nxc5 32. Rxc5 Rd1+ 33. Kh2 Rxa3) 31... Nxc5 32. Rxc5 a6 $11 {
was the way for equalization.}) 30. Rb1 $1 $16 {Now the pin on the b <-> is
rather annoying.} (30. Rxe6 Nd3) (30. Re3 Nxh5) 30... Nxh5 31. Be3 Rxa3 (31...
Nf4 32. Bxf4 Rxf4 33. Nc4 $18) 32. Bd4 Rab3 (32... Ra2 33. Nc4 $18) 33. Rc8+ $1
Rxc8 34. Nxc8 Rb4 (34... a5 35. Rxb2 $18) 35. Bxb2 {Black's pin on the b <->
is not so effective as it was White's!} Nf4 36. Ne7+ Kh7 (36... Kf7 37. Nc6 $16
) 37. Nc6 Rb3 38. Ne5 a5 39. g3 Nd5 40. Nc4 $18 {finally solving the problem
of the pin.} Nb6 41. Nd2 Rb4 42. Bc3 Rxb1+ 43. Nxb1 {Black has two pawns for
the piece, but slowly but surely White will convert his advantage into a win.}
a4 44. Na3 Nd5 45. Bb2 g5 46. Nc4 h5 47. Ne5 Nb4 48. Kf1 Nc2 49. Ke2 Kh6 50.
Kd3 Nb4+ 51. Kc4 Nd5 52. Bc1 Nf6 53. Kd3 Nh7 54. Ke2 Kg7 55. Nd7 Kg6 56. Nc5
Kf5 57. Kf3 Nf6 58. Nxa4 h4 59. gxh4 gxh4 60. Nc3 Ng4 61. Ne2 Ne5+ 62. Kg2 Nd3
63. Be3 Kg4 64. f3+ Kf5 65. Nc3 e5 66. Ne4 Ne1+ 67. Kf2 Nc2 68. Ke2 Nd4+ 69.
Bxd4 exd4 70. Kf2 Ke5 71. Nc5 Kd5 72. Nd3 Kc4 73. Ne5+ Kc5 74. Kg2 Kd5 75. Ng6
d3 76. Kf2 d2 77. Ke2 Kd4 78. Nxh4 1-0

[Event "Julian Borowski-A 4th"]
[Site "Essen"]
[Date "2002.05.23"]
[Round "7"]
[White "Lutz, Christopher"]
[Black "Dautov, Rustem"]
[Result "1-0"]
[WhiteElo "2644"]
[BlackElo "2636"]
[Annotator "Lukacs,P"]
[PlyCount "97"]
[EventDate "2002.05.16"]
[EventType "tourn"]
[EventRounds "9"]
[EventCountry "GER"]
[EventCategory "16"]
[SourceTitle "CBM 090"]
[Source "ChessBase"]
[SourceDate "2002.09.20"]
[SourceVersion "1"]
[SourceVersionDate "2002.09.20"]
[SourceQuality "1"]

1. e4 c6 2. d4 d5 3. Nd2 dxe4 4. Nxe4 Bf5 5. Ng3 Bg6 6. h4 h6 7. Nf3 Nd7 8. h5
Bh7 9. Bd3 Bxd3 10. Qxd3 e6 11. Bf4 Qa5+ 12. Bd2 Qc7 13. O-O-O Ngf6 14. Ne4
O-O-O 15. g3 Nxe4 (15... Nc5 {- Kir.Georgiev-Nisipeanu, FIDE-Wch k.o. New
Delhi/Theran 2000 CBM 81}) 16. Qxe4 Be7 {This variation needs a lot of finesse
from both players. The B may go to f6 or d6 as well, Black's position is very
flexible.} (16... Bd6 17. c4 c5 18. d5 Nf6 {- Milos-Izeta Txabarri, Santos
Mario Covas 2001 CBM 82}) (16... Nf6 17. Qe2 Bd6 18. c4 (18. Kb1 {-
Ramesh-Koneru, Goodricke 12th op 2001 CBM 82}) 18... c5 {- Kuczynski-Piket,
EU-ch 2nd Ohrid 2001 CBM 84}) 17. Qe2 {This is an important prophylactical
move, the Q is vulnerable on e4, now Nf6 will not come by a tempo.} (17. Bf4 {
leads only to mass exchanges after} Bd6 18. Bxd6 Qxd6 19. Ne5 Nxe5 20. dxe5 {
The P structure is a bit better for White, but with queens and rooks it is
hard to achieve anything concrete.} Qc5 21. Qf4 Rhf8 22. a3 Qe7 $11 {
Psakhis-Korchnoi, FIDE Wch k.o. 2001}) (17. c4 Bf6 {If the Bc3 plan is
threatened, Black's B is excellent on f6. However he should have waited until
Bc3 really comes.} 18. Kb1 c5 19. Bf4 {This is the point, there is no Bd6.} Qb6
20. Ne5 Nxe5 21. dxe5 Rxd1+ 22. Rxd1 Rd8 23. Rxd8+ Bxd8 24. Bd2 {With bishops
on the board White has some chances in the _|_ due to the fixed targets >< g7
and h6 and the space advantage.} f5 25. exf6 Bxf6 26. b3 $14 {Konguvel-Ravi,
New Delhi 2001}) (17. Kb1 Rhe8 18. Qe2 {- 17.Qe2} (18. Bc1 {doesn't look very
important here.} Bd6 19. Nd2 {/\ Nc4} Nf6 (19... Nb6 $5) 20. Qf3 Qa5 21. Nc4
Qd5 22. Nxd6+ Rxd6 23. Qa3 a6 24. Rhe1 Red8 (24... Re7 $2 25. Re5 $18 {
Lanc-Garcia Palermo, Cuba 1987}) 25. Bf4 R6d7) (18. c4 c5 19. Bf4 Bd6 {The
exchange of the bishops usually helps for Black.} 20. Ne5 (20. Bxd6 Qxd6 $11 {
Geller-Vukic, Novi Sad 1978}) 20... Re7 $1 $11 {Gheorghiu-Hort, Havana ol 1966}
(20... f5 $2 {is met by the typical blow} 21. Nf7 $1 Nf6 22. Nxd6+ Qxd6 23. Qe2
$16) (20... Nxe5 21. dxe5 Be7 (21... Bf8 $2 22. Be3 $14 {and White has a space
advantage and a better B, Geller-Hort, Skopje 1968.})))) 17... Rhe8 (17... c5
$6 {is now impossible because of} 18. d5 $1 {Here we see the idea of 17.Qe2}
Nf6 19. Ne5 $16) (17... Nf6 {is met by} 18. Ne5 {>< f7, this is the ideal
position for the N.} Bd6 (18... Rhf8 $2 19. Nxf7 $1 $18) 19. c4 c5 20. Bc3 cxd4
21. Bxd4 Bxe5 22. Bxe5 Qc6 23. g4 $14 {and the B is superior to the N.}) 18.
Kb1 (18. Rhe1 {is not so important, because the R has other duties, for
example defending >< h5.} Nf6 19. Bf4 Qa5 20. Qe5 Qxe5 21. Nxe5 Rf8 22. g4 Nd5
$11 {/\ Bg5 >< f4, Kuczynski-Garcia Palermo, Cuba 1987}) 18... Kb8 (18... c5 $2
{is still inferior because of} 19. Bf4 Bd6 20. Bxd6 Qxd6 21. dxc5 Qxc5 22. Rd3
$16 {with nasty threats on the d and c lines, Kasparov.}) (18... Bf8 19. Bc1 (
19. c4 {/\ Bc3 looks more to the point now, because there is no Bf6.} c5 20.
Bc3 Kb8 $6 {/\ Ka8, but this manoeuvre is not always recommended. In an _|_
the K is too far from the [+], and it also takes time.} 21. Rhe1 cxd4 22. Nxd4
{/\ Nb5} a6 23. Nb3 Ka8 (23... Qc6 24. Qd3 $14 {pinning the N on the d <->,
here the K would have been better on c8!}) 24. Qf3 Nc5 {(Balashov-Hubner, Wijk
aan Zee 1982)} 25. Ba5 $1 $16 {This is a typical threat here.}) 19... Bd6 20.
Rhe1 {White has to fight against the freeing move e6-e5.} Qa5 21. Nd2 Nf6 22.
g4 {at least the problem of >< h5 is solved.} Bc7 23. c4 $1 $14 {Timman} (23.
Nb3 $143 Qd5 24. f3 {(Timman-Portisch, m/2 Antwerpen 1989)} b5 $1 $11 {
blockading the vital light squares.})) (18... Bd6 19. Rhe1 Nf6 (19... e5 $6 {
founders on the pin after} 20. dxe5 $14) (19... Re7 $6 20. c4 c5 21. Bc3 {
The long /^ is the ideal place for the B attacking >< g7.} Nf6 22. Ne5 cxd4 23.
Bxd4 $1 (23. Rxd4 Bxe5 24. Rxd8+ Qxd8 25. Bxe5 Qa5 $1 $14 (25... Rd7 $6 {
The d <-> is not so important, if there is no dangerous penetration.} 26. Bc3
Qb6 27. g4 $1 Qd6 28. f3 $14 {with an ideal P structure on the >>,
Kasparov-Vukic, Skara EU-chT 1980.})) 23... Bxe5 (23... Bb4 24. Rh1 Bc5 25. Bc3
$16 {White has to keep his strong B on the long /^.}) 24. Bxe5 Rxd1+ 25. Rxd1
Qc6 26. g4 Rd7 27. Re1 $1 $16 {and the d <-> is again not that important,
Kasparov.}) 20. Ne5 c5 (20... Bxe5 21. dxe5 $14 {with a huge space advantage})
21. dxc5 (21. Bc1 $14) 21... Bxe5 22. Qxe5 Qxe5 23. Rxe5 Rd4 24. Kc1 Red8 25.
f3 Nd7 26. Re2 $5 (26. Ree1 Nxc5 27. g4 $5 (27. Bc3 Rxd1+ 28. Rxd1 Rxd1+ 29.
Kxd1 {Here White's small advantage cannot be converted into a win in the _|_.}
f6 $11 {Geller-Kasparov, SU ch 1978})) 26... Nxc5 27. Rde1 $14 {and again
there is no penetration on the d <->.}) 19. c4 Ka8 20. Rhe1 {Both players are
running out of useful prophylactical moves which still avoid any serious
decision.} c5 21. Bf4 {This is the correct reaction, if Bd6 is not possible.}
Qc8 (21... Bd6 22. Bxd6 Qxd6 23. Ne5 Nxe5 24. dxe5 {+/=/=}) 22. g4 $5 (22. Ne5
Nxe5 23. dxe5 Rxd1+ (23... Bg5 $6 {Black wants to get rid of the passive B,
but this creates weaknesses in his P structure.} 24. Bxg5 hxg5 25. Qe3 Rxd1+
26. Rxd1 Rd8 27. Rd2 $16 {Balashov-Guseinov, Tallin 1983}) 24. Rxd1 Rd8 {
+/=/= again, because the black B is still passive.}) 22... Nf6 $1 23. dxc5 $6 {
White overestimates his tactical chances and allows Black a serious
counterplay.} (23. Ne5 $6 {is also overoptimistic in view of} Rxd4 (23... cxd4
24. Nxf7 d3 25. Qf3 Rd4 26. Rxd3 $14) 24. Rxd4 cxd4 25. Rd1 (25. Nxf7 e5 $1 {
This is the point!} 26. Nxe5 (26. Bxe5 Bb4 27. Rd1 Qe6) 26... Bd6 $17) 25...
Bd6 26. Rxd4 Qc7 $11) ({The quiet, prophylactical move} 23. Rg1 $142 $5 {
was required!} cxd4 24. Be5 $1 {White has to fight against e6-e5 by all means.}
(24. Rxd4 Rxd4 25. Nxd4 e5 $132) (24. Nxd4 e5 25. Bxe5 Bc5 $132) 24... d3 $5
25. Rxd3 Rxd3 26. Qxd3 Rd8 27. Qe2 {Ch.Lutz}) 23... Nxg4 $1 {Black has to take
up the gauntlet.} (23... Bxc5 24. Ne5 $14) 24. Bd6 e5 $1 {This is the main
threat grabbing the |^ at once.} 25. Bxe7 Rxd1+ $1 (25... Rxe7 26. Rxd8 Qxd8
27. Nh4 $14) 26. Rxd1 Rxe7 27. b4 $5 (27. Nh4 Nf6 $13) 27... a6 (27... Rd7 $13)
(27... Re8 $1 {was the best plan putting all the cards on the advance of the e
P.} 28. Kb2 (28. Rd6 Qf5+ 29. Kb2 e4 $17) 28... e4 29. Nd4 e3 $1 30. f3 (30.
fxe3 Nxe3 31. Rg1 Qd8 $40) 30... Nf2 $1 $17 {Ch.Lutz}) 28. Rd6 Nf6 $6 {The
continuation of a passive plan.} (28... Qf5+ 29. Kc1 Rc7 $13 {was still very
complicated.}) 29. Kb2 {Now White can consolidate his big advantage on the <<.}
Re8 30. Nd2 Qg4 (30... e4 31. Nb3 Qf5 32. b5 $1 $16) 31. Qd3 $1 {White has to
keep his Q for the final ->.} Rc8 32. Rd8 Qe6 33. Nb3 $1 Kb8 34. Na5 $2 ({
missing the direct ->} 34. b5 axb5 35. cxb5 Nxh5 36. c6 Nf4 37. Qd2 bxc6 38.
Nc5 $18 {Ch.Lutz}) 34... Rxd8 35. Qxd8+ Qc8 36. Qe7 (36. Qd6+ Qc7 (36... Ka8
37. Qxe5) 37. Qf8+ {- 36.Qe7}) 36... Qc7 (36... Qd7 37. Qxe5+ Kc8 38. Nb3) 37.
Qf8+ Ka7 38. Nb3 $6 (38. Qxg7 {was good and simple winning a P after} Nxh5 39.
Qxh6 Nf4 40. Qd6 Kb8 $16) 38... Qd7 $2 {Black gives back the loan.} (38... Nxh5
$8 39. a4 $5 (39. b5 $6 axb5 40. cxb5 b6 41. a4 Nf4 $1 $132) 39... Nf4 40. b5
axb5 41. axb5 $1 (41. cxb5 b6 $132) 41... b6 42. cxb6+ Qxb6 (42... Kxb6 43. Qa8
Nd3+ 44. Kc3) 43. Qxf7+ Qb7 44. Qf8 $14 {Ch.Lutz}) 39. Qxg7 $18 Ng4 (39... Qf5
40. c6 $1 Qxf2+ (40... Nxh5 41. Qxh6 Nf6 42. Qe3+ $18) 41. Ka3 $18) 40. b5 $1 {
Now the P march decides the game.} axb5 41. cxb5 Nxf2 42. b6+ Ka6 43. Qxh6 Kb5
$6 (43... Nd3+ {was the persistant defence, although after} 44. Ka3 Qb5 45. Qd2
Nxc5 46. Qa5+ Qxa5+ 47. Nxa5 Ne6 48. h6 Ng5 49. Nc4 e4 50. Kb4 f5 51. a4 $1 f4
52. a5 e3 53. Ne5 {/\ Nd7! nice mating threats will come, Ch.Lutz.}) 44. Qd6 $1
Qxd6 45. cxd6 Kxb6 (45... Kc6 46. Nc5 Kxd6 47. h6 $18) 46. h6 Nd3+ 47. Kc3 Nf4
48. h7 Ng6 49. Na5 $1 1-0